00979 a2200205 45000010006000000050017000060080041000230030015000640400040000790800035001192450074001542640047002283000023002755050384002980410008006821000020006907000026007107000017007367000020007535407320260407155811.0260407a1970 arg spa dAR-UNSa-BCEJYS aAR-UNSa-BCEJYSbspacAR-UNSa-BCEJYS a330.4xEconomía matemática10aIntroducción al uso de la matemática en el análisis económico 1aMéxico :bSiglo Veintiuno editoresc1970 axi, 354 p.c21 cm. a1. Introducción – 2. Algunos conceptos e instrumentos elementales – 3. Funciones, límites y derivadas – 4. Técnicas de diferenciación – 5. Derivación parcial – 6. Elementos e integración – 7. Ecuaciones en diferencias y diferenciales – 8. Vectores y matrices – 9. Sistemas de ecuaciones lineales – 10. Otras aplicaciones del álgebra de matrices.  aspa1 aHuang, David S.1 aCárdenas, Guillermo1 aOrive, Diana1 aSandoval, Elena